000 00279nam a22001337a 4500
008 170401b xxu||||| |||| 00| 0 eng d
020 _a9780805395730
041 _aeng
080 _a574
100 _a9
101 _ashm
245 _aENVIRONMENT
_cWITHGOTT, J
942 _2udc
_cBK
999 _c9416
_d9416